000 00244as aa2200097a 44500
090 _aSERIADAS
_b00769
245 1 0 _aBosques y Desarrollo
260 _bOrganización Internacional de Maderas Tropicales
_a174
041 0 _aEspaƱol
942 _cREVISTA
999 _c16770
_d16770